Challenging Quiz - Statistics

General Stats
  • This quiz has been taken 4 times
  • The average score is 3 of 15
Answer Stats
Hint Answer % Correct
You're face east, then you turn 90 degrees clockwise, then turn 180 degrees, then finally turn 270 degrees counterclockwise. What direction are you facing? East
100%
What is the only number that is both the sum and product of three consecutive positive integers? 6
75%
What is the small plastic tip at the end of a shoelace called? Aglet
50%
What country has the most natural lakes? Canada
25%
What can be something you wear, or a box that holds multiple decks of cards? a Shoe
0%
In chemistry, what is the name of the number that represents the number of particles in one mole of a substance? Avogadro's Number
0%
In the NFL, who has the second most championships? Chicago Bears
0%
Where do Dingoes originate from? China
0%
In the Spongebob episode "Pickles", what is the name of Bubble Bass's order? Double Triple Bossy Deluxe
0%
What is the name of the straight between Chile and Antarctica, particularly known for being the most dangerous in the world. Drake Passage
0%
Who is the largest importer of sapphires in the world? India
0%
What is the name of the first COD Zombies map? Nacht der Untoten
0%
In the NFL, what does the position NT stand for? Nose Tackle
0%
In the game of chess, there are more possible games of chess than there are atoms in the universe. What is name of this number? Shannon Number
0%
In the Amazing World of Gumball, what is Gumball's real name? Zach Tristopher Watterson
0%
No matching quizzes found
Score Distribution
Percent of People with Each Score
Percentile by Number Answered
Your Score History
You have not taken this quiz